000 00679nam a2200277 a 4500
001 000114332
003 CHAP
005 20220329144436.0
008 180111s1984 mx a |r| |||0|||spa d
010 _a110793
011 _a111765
020 _a9684001789
040 _cCHAP
082 0 4 _a364.185
_bP22 1984
100 1 _aPardo, Malka
_9134278
245 1 3 _aEl libro rojo del aborto /
_cpor Malka Pardo.
250 _a4 ed.
260 _aMéxico :
_bCosta-Amic,
_c1984.
300 _a127 p. :
_bil.
590 _aE6096MTM
_b05
_c20180111
_lUCH01
_h1445
650 1 4 _aAborto.
_9283
650 1 4 _aSociología.
_9108197
901 _aBK
942 _cLIBRO
942 _n0
999 _c110793
_d110793